000 00438nam a2200205Ia 4500
001 084376
003 YMCAF
005 20230512161449.0
008 100717s2002 ||||||||||||||||| ||und|d
024 _a84376
035 _a23836
040 _aYMCAF
_beng
_cIN-KoLT
041 _aeng
082 _a005.13
_bTUC
100 _aTucker, Allen
245 0 _aProgramming languages
260 _bTMH
_c2002
300 _a411
942 _2ddc
_cBK
999 _c8764
_d8764